Ekonomická přidaná hodnota a mikroekonomie

Charakteristika a výpočet ekonomického ukazovateľa EVA – ekonomická pridaná hodnota. Moderné prístupy – alternatívne teórie podniku a ekonomický zisk. Charakteristika kapitálu ako výrobného faktora a ekonomický ukazovateľ EVA. Analýza implicitných nákladov podniku a EVA. Vzťah rizika a výnosu. Metód...

Descripción completa

Guardado en:
Detalles Bibliográficos
Autor principal: Kolařík, Rostislav
Formato: Capítulo de libro
Lenguaje:checo
Materias:
Etiquetas: Agregar Etiqueta
Sin Etiquetas, Sea el primero en etiquetar este registro!

MARC

LEADER 00000naa$a2200000$$$4500
001 0049450
005 20231107071424.1
041 0 |a cze 
044 |a CZ 
245 1 0 |a Ekonomická přidaná hodnota a mikroekonomie  |c Rostislav Kolařík 
520 |a Charakteristika a výpočet ekonomického ukazovateľa EVA – ekonomická pridaná hodnota. Moderné prístupy – alternatívne teórie podniku a ekonomický zisk. Charakteristika kapitálu ako výrobného faktora a ekonomický ukazovateľ EVA. Analýza implicitných nákladov podniku a EVA. Vzťah rizika a výnosu. Metódy a princípy stanovenia výšky rizika a požadovanej rizikovej prémie. 
610 2 0 |a riziko finančné 
610 2 0 |a metódy ekonomicko-matematické 
610 2 0 |a náklady vlastné 
610 2 0 |a kapitál 
610 2 0 |a faktory výrobné 
610 2 0 |a zisk ekonomický 
610 2 0 |a hodnota pridaná ekonomická 
100 1 |a Kolařík, Rostislav